000
00228 a2200097 4500
001
45649
100
_a
Weiskopt D
245
_a
a guide to recreation and leisure
260
_a
Boston
_b
Allyn and bacon
_c
090
_c
28825
_d
28825
942
_a
NUST-CAE
_c
M
_c
20919
999
_c
280722
_d
280722